000 00560nam 22001933 4500
001 201351
021 _aPT
090 _a201351
100 _a20231025d u||y0pory50 ba
200 _aSete solstícios
_fMário Cláudio
210 _aPorto
_c[s.n.]
_dimp. 1972
215 _a35 p.
_cbrochado
_d22 cm
300 _aContém dedicatória na folha de guarda
606 _aLiteratura Portuguesa
_923
_xPoesia
675 _a821.134.3-1"19/20"
_vPT
_zpor
700 _93761
_aCláudio
_bMário
_f1941-
801 _aPT
_bBMMN
_gRPC
830 _cAna Falardo
_fAna Falardo
990 _cLIVROS